header

Productive group work (Record no. 103292)

MARC details
000 -LEADER
fixed length control field 01674nam a2200361 a 4500
082 04 - DEWEY DECIMAL CLASSIFICATION NUMBER
Classification number 371.3/6
100 1# - MAIN ENTRY--AUTHOR NAME
Personal name Frey, Nancy,
245 10 - TITLE STATEMENT
Title Productive group work
260 ## - PUBLICATION, DISTRIBUTION, ETC. (IMPRINT)
Place of publication Alexandria, Va. :
Name of publisher ASCD,
Year of publication c2009.
300 ## - PHYSICAL DESCRIPTION
Number of Pages vii, 127 p. :
Other physical details ill.
505 0# - FORMATTED CONTENTS NOTE
Formatted contents note Defining productive group work -- Using positive interdependence -- Promoting face-to-face interaction -- Ensuring individual and group accountability -- Building interpersonal and small-group skills -- Incorporating group processing -- Getting started: questions and answers.
650 #0 - SUBJECT ADDED ENTRY--TOPICAL TERM
Topical Term Group work in education.
Topical Term Team learning approach in education.
Topical Term Active learning.
700 1# - ADDED ENTRY--PERSONAL NAME
Personal name Fisher, Douglas,
Personal name Everlove, Sandi.
856 40 - ELECTRONIC LOCATION AND ACCESS
Uniform Resource Identifier http://site.ebrary.com/lib/rucke/Doc?id=10381783

No items available.

© 2026 Rongo University
Contact us: librarian | system librarian | Rongo university